000 01193nam a22002777a 4500
001 TZ 0007
003 gtcocun
005 20250925173527.0
006 a||||gr|||| 00| 0
007 ta
008 250925b1996 gt ||||| m||| 00| 0 eng d
040 _agtcocun
_bSPA
_cgtcocun
_eRDA
041 _aSPA TZ 0007
084 _0TZ 0007
100 _aMacz, Leopoldo
_d
_eAutor
245 _aEVALUACIÓN DEL PRENDIMIENTO DE ESTACAS DE MADRE CACAO (Glirididia seplum Jacq) EN LA COMUNIDAD LAS CONCHAS, MUNICIPIO DE COBAN, ALTA VERAPAZ./.
_cLeopoldo Macz.
_hImpreso
264 _aCobán, Alta Verapaz:
_bUniversidad de San Carlos de Guatemala, Centro Universitario del Norte, Zootecnia
_c1996
300 _a27 p.:
_bIlustraciones, gráficas.
_c28 cm;
502 _eTZ 0007
502 _aTesis de grado
_bZootecnia,
_cUniversidad de San Carlos de Guatemala, Centro Universitario del Norte, Zootecnia
_d1996
_oTZ 0007
650 1 4 _2LEMB
_aCobán, Alta Verapaz
_xZootecnia
_xDiámetro basal
_xTrifactorial
_xTratamiento
_xRebrotes
700 _eAsesor
856 _uSin archivo en línea.
_zSin archivo en línea.
942 _2ddc
_cTES
_iTZ 0007
_kClasificación
_n0
_6TZ_0007_000000000000000
999 _c2147
_d2147